000 00818nam a2200253Ia 4500
003 OSt
005 20220923212205.0
006 a|||||r|||| 00| 0
007 ta
008 220922b |||||||| |||| 00| 0 hin d
024 _a151,551
037 _cTextual
040 _aARTS
_cARTS
_bhin
041 _2hin
_ahin
082 _aO152,1:g, L3
100 _aकलवडे, सुधाकर
_9156318
245 0 _aसाहित्यशास्त्र परिचय
246 _aSāhityashāstra parichaya
260 _aकानपुर
_b पुस्तक संस्थान
_c1973
300 _a211 पृ.
_ccm.
650 _aहिन्दी साहित्य
_9156264
942 _hO152,1:g, L3
_cTEXL
_2CC
999 _c307224
_d307224